书目信息 |
| 题名: |
影视非线性编辑标准教程
|
|
| 作者: | 严晨 编著 | |
| 分册: | ||
| 出版信息: | 北京 人民邮电出版社 2007 |
|
| 页数: | 213页 | |
| 开本: | 26cm | |
| 丛书名: | ||
| 单 册: | ||
| 中图分类: | J932 | |
| 科图分类: | ||
| 主题词: | 电影(艺术)--剪辑--教材 , 电视(艺术)--剪辑--教材 , 电影(艺术) , 剪辑 , 电视(艺术) | |
| 电子资源: | ||
| ISBN: | 978-7-115-16203-8 | |
| 000 | 01030nam0 2200301 45 | |
| 001 | 1033097093 | |
| 005 | 20100408172154.40 | |
| 010 | @a978-7-115-16203-8@dCNY21.00 | |
| 100 | @a20100401e20082007em y0chiy50 ea | |
| 101 | 0 | @achi |
| 102 | @aCN@b110000 | |
| 105 | @ay z 000yy | |
| 106 | @ar | |
| 200 | 1 | @a影视非线性编辑标准教程@AYing Shi Fei Xian Xing Bian Ji Biao Zhun Jiao Cheng@f严晨[等]编著@FYan Chen [ Deng ] Bian Zhu |
| 210 | @a北京@c人民邮电出版社@d2007@h2008 | |
| 215 | @a213页@d26cm | |
| 300 | @a计算机辅助设计系列教材——多媒体专业 | |
| 304 | @a编著者还有:吴徐君、付琳、柴纯钢 | |
| 330 | @a本书全面介绍Adobe Premiere Pro 2.0的使用方法和编辑技巧。通过对Adobe Premiere Pro 2.0非线性编辑在艺术构思和技术操作两个层面的实践和探索。 | |
| 606 | 0 | @a电影(艺术)@x剪辑@j教材 |
| 606 | 0 | @a电视(艺术)@x剪辑@j教材 |
| 606 | 0 | @a电影(艺术) |
| 606 | 0 | @a剪辑 |
| 606 | 0 | @a电视(艺术) |
| 690 | @aJ932@v4 | |
| 701 | 0 | @a严晨@AYan Chen@4编著 |
| 801 | 0 | @aCN@bTANGWEI@c20100408 |
| 905 | @b0588387-91@dJ932@e235@f5 | |
| 影视非线性编辑标准教程/严晨[等]编著.-北京:人民邮电出版社,2007(2008) |
| 213页;26cm |
| 计算机辅助设计系列教材——多媒体专业 |
| ISBN 978-7-115-16203-8:CNY21.00 |
| 本书全面介绍Adobe Premiere Pro 2.0的使用方法和编辑技巧。通过对Adobe Premiere Pro 2.0非线性编辑在艺术构思和技术操作两个层面的实践和探索。 |
| ● |
| 相关链接 |
|
|
|
|
正题名:影视非线性编辑标准教程
索取号:J932/235
 
预约/预借
| 序号 | 登录号 | 条形码 | 馆藏地/架位号 | 状态 | 备注 |
| 1 | 0588387 | 205883873 | 第一样本阅览室/ [索取号:J932/235] | 在馆 | |
| 2 | 0588388 | 205883882 | 第一借阅区/ [索取号:J932/235] | 在馆 | |
| 3 | 0588389 | 205883891 | 第一借阅区/ [索取号:J932/235] | 在馆 | |
| 4 | 0588390 | 205883908 | 第一借阅区/ [索取号:J932/235] | 在馆 | |
| 5 | 0588391 | 205883917 | 第一借阅区/ [索取号:J932/235] | 在馆 |